Загрузка...
Cell in medicalseilnes /
| Главный автор: | |
|---|---|
| Другие авторы: | |
| Формат: | Printed Book |
| Язык: | English |
| Опубликовано: |
Academic Press,
1974.
|
| Серии: | v1
|
| LEADER | 00409nam a2200145Ia 4500 | ||
|---|---|---|---|
| 008 | 150624b xxu||||| |||| 00| 0 eng d | ||
| 100 | |a Beck, F. | ||
| 245 | |a Cell in medicalseilnes / |c F. Beck | ||
| 260 | |b Academic Press, |c 1974. | ||
| 300 | |a 366 p. | ||
| 490 | |a v1 | ||
| 700 | |a Lloyd, J. B. | ||
| 942 | |c BK | ||
| 999 | |c 14726 |d 14726 | ||
| 952 | |0 0 |1 0 |4 0 |7 0 |9 14725 |a UL |b UL |c ST2 |d 1998-09-01 |l 0 |p 22086 |r 2012-10-27 |w 2012-10-27 |y BK | ||